| 000 | 01217nam a22003497a 4500 | ||
|---|---|---|---|
| 003 | CHAP | ||
| 005 | 20220817042734.0 | ||
| 008 | 971013s1960 r 00010 d | ||
| 010 | _a54037 | ||
| 011 | _a55009 | ||
| 035 | _a59161 | ||
| 040 | _cCHAP | ||
| 082 |
_a551.572 _bS4 |
||
| 100 | 0 | 0 |
_aSellers, William D. _9103811 |
| 245 | _aDistribution of relative humidity and dew point in the Southwestern United States | ||
| 260 |
_a(Tucson) : _bUniversity of Arizona. Institute of Atmospheric Physics, _c1960 |
||
| 300 |
_a48 h. _b: ilus. ; anexos |
||
| 490 |
_aScientific report _v; 1360 |
||
| 590 |
_aBATCH-UPD _b10 _c20130110 _lUCH01 _h0145 |
||
| 590 |
_aBATCH-UPD _b10 _c20130110 _lUCH01 _h0705 |
||
| 590 |
_aBATCH-UPD _b10 _c20130409 _lUCH01 _h2144 |
||
| 590 |
_aBATCH-UPD _b10 _c20130410 _lUCH01 _h1049 |
||
| 590 |
_aBATCH-UPD _b10 _c20130914 _lUCH01 _h1815 |
||
| 590 |
_aCONVERSION _b10 _c20130109 _lUCH01 _h1329 |
||
| 650 | 1 | 4 | _aMeteorologĂa. |
| 650 | 1 | 4 |
_aRocĂo. _998224 |
| 830 | 0 |
_aScientific report _v; 1360 _9103331 |
|
| 901 | _aBK | ||
| 942 | _cLIBRO | ||
| 949 |
_a551.572 S4 _bBC _cLIBRO _d33724000460176 _eLIBRO _fc.2 _h43387 _i59161 _si |
||
| 949 |
_a551.572 S4 _bBC _cLIBRO _d33724000460200 _eLIBRO _h43386 _i59161 _si |
||
| 999 |
_c54037 _d54037 |
||